Quiz Sur les patronus harry potter - Statistiques

Statistiques générales
  • Ce quiz a été pris 284 fois
  • Le résultat moyen est 17 sur 20
Statistiques - réponses
Personnes Patronus % Correct
Harry potter Cerf
100%
james potter Cerf
100%
sirius black chien noir
100%
Dolores ombrage chat
98%
Minerva McGonagall chat
98%
Hermione Granger Loutre
98%
lily potter biche
97%
severus rogue biche
97%
Ginny weasley cheval
92%
Peter pettigrow rat
92%
Albus Dumbledore phenix
91%
nymphadora tonks loup
87%
luna lovegood lievre
85%
cho chang cygne
77%
Abelforth dumbledore bouc
67%
seamus finnigan renard
64%
arthur weasley belette
62%
fred et George Weasley pie
62%
Ron Weasley Jack russell terrier
59%
Kingsley shaklebolt lynx
56%
Aucun quiz correspondant
Distribution des résultats
% des personnes avec chaque résultat
Percentile par nombre de réponses
Votre historique - résultats
Vous n’avez pas pris ce quiz